[Event "Länderkampf"]
[Site "Brombach"]
[Date "2006.09.24"]
[Round "?.8"]
[White "Heimann, Andreas"]
[Black "Leburgue, Sylvain"]
[Result "1-0"]
[WhiteElo "2198"]
[BlackElo "2197"]
[Annotator "Herbrechtsmeier"]
[PlyCount "125"]
[EventDate "2006.09.24"]
[EventType "team"]
[SourceDate "2001.01.01"]
[WhiteTeam "BADEN"]
[BlackTeam "ELSASS"]
[WhiteTeamCountry "GER"]
[BlackTeamCountry "FRA"]

1. e4 c5 2. Nf3 Nc6 3. d4 cxd4 4. Nxd4 Nf6 5. Nc3 e5 6. Ndb5 d6 7. Bg5 a6 8.
Na3 b5 9. Nd5 Be7 10. Bxf6 Bxf6 11. c4 (11. c3 {gilt gemäß Y. Yakovich (sowie
ECO und NCO) als am besten, um den Na3 rasch via c2 ins Zentrum zu befördern.
Der Textzug verfolgt zwar dieselbe Idee, soll aber schlechter sein, weil er
den weißen Königsläufer einengt. (The Sveshnikov Sicilian, Gambit 2002)} O-O
12. Nc2 Bb7 13. g3 Bg5 14. Bg2 (14. h4 $5 Bh6 15. g4 g6 16. h5 Kg7) (14. Nce3
Bxe3 15. Nxe3 Ne7) 14... Ne7 15. Nxe7+ (15. Ncb4 Rc8 16. h4 Bh6 17. O-O Rc5 18.
Nxe7+ Qxe7 19. a4 f5 {
1/2-1/2 Skripchenko,A (2420)-Handke,F (2310)/Groningen 1998 (42)}) 15... Qxe7
16. O-O (16. Nb4 f5 $1 17. Nd5 Qf7 18. exf5 e4 $1) 16... a5 17. Qd3 $1 Rfd8 (
17... Bc6 18. f4 $1) 18. Rfd1 Qd7 19. h4 Bh6 {
1/2-1/2 Branding,G-Herbrechtsmeier,C/corr 1995 (43)}) 11... b4 ({11...b4 nebst
12...a5 ist die Hauptfortsetzung, die als völlig okay für Schwarz angesehen
wird. Noch ehrgeiziger indes ist} 11... Nd4 $5 {, um einen anderen,
offensichtlichen Nachteil von c4 aufzuzeigen, nämlich die Schwächung des
Feldes d4.} 12. Nc2 $6 (12. cxb5 $13) 12... Bg4 $1 {mit interessantem Spiel.})
12. Nc2 a5 (12... Rb8 13. b3 Bg5 14. g3 O-O 15. h4 Bh6 16. Bh3 Be6 17. Kf1 a5
18. Kg2 Rb7 19. Bf5 Kh8 20. Qd3 Nb8 21. Rad1 {
1-0 Morozevich,A (2707)-Leko,P (2763)/San Luis 2005 (54)}) 13. g3 O-O (13...
Bg5 14. Bg2 O-O 15. O-O Be6 (15... Rb8 {(15...Ne7)} 16. b3 Ne7 17. Nxe7+ Qxe7
18. Qe2 Be6 (18... f5 $5) 19. Rad1 Qc7 20. Rd3 a4 21. Rfd1 Rfd8 22. Ne3 axb3
23. axb3 Ra8 24. h4 Be7 (24... Bxe3 $11) 25. Nd5 Bxd5 26. Rxd5 $14 {
S. Cigan - E. Jelen, Bled 2000, 1:0/40}) 16. Qd3 (16. f4) 16... Qb8 $6 ({
Vorzuziehen war m.E.} 16... Ne7 {, z.B.} 17. Nce3 (17. f4 Bxd5) 17... Bxe3 18.
Nxe3 Nc6 {mit etwa gleichen Aussichten.}) 17. Rad1 $14 {
1/2-1/2 Kindermann,S (2542)-McShane,L (2619)/Germany 2004/[Meyer,CD] (56)}) 14.
h4 $146 (14. Bg2 Be6 (14... Bb7 15. O-O Nb8 16. Qd2 Nd7 17. Rad1 Ra6 18. b3 Nc5
19. f4 exf4 20. gxf4 Re8 21. Qe3 Bc3 22. Nxc3 bxc3 23. Rd4 Qa8 24. Qxc3 Nxe4
25. Qd3 Nc5 26. Bxb7 Qxb7 27. Qf3 Qb8 28. Kh1 Nd7 {
1/2-1/2 Rutkowski,M (2358)-Bobras,P (2525)/Lubniewice POL 2005}) 15. b3 Rc8 16.
Nxf6+ Qxf6 17. O-O Qe7 18. Qd2 Kh8 19. Rad1 Rfd8 20. Kh1 Qd7 21. f4 exf4 22.
gxf4 Bg4 23. Rde1 Bh3 24. Re3 Bxg2+ 25. Qxg2 Re8 26. Rg1 {
1-0 Wittmann,W (2345)-Medvegy,N (2385)/Budapest 2003 (47)}) 14... Nb8 15. Nce3
Nd7 16. Bh3 Nc5 17. Bxc8 Rxc8 18. Qg4 $5 {une petite combinaison} Nd3+ 19. Ke2
Nxb2 20. Nxf6+ Qxf6 21. Nd5 Qd8 22. Qxc8 Qxc8 23. Ne7+ Kh8 24. Nxc8 Rxc8 25.
Rhc1 Na4 26. Ke3 g6 27. Rc2 Rc6 28. Rac1 Kg7 29. f4 f6 (29... Nc3 30. Kd3 f5
31. exf5 gxf5 32. a3 Kf6 33. axb4 axb4 34. Rb2 e4+ 35. Kd4 Ra6) 30. fxe5 dxe5
31. c5 (31. Rd1 Nc3 32. Rd7+ Kh6 33. Kd3 f5 34. exf5 gxf5 35. Re7 Rg6) 31...
Kf7 32. g4 Ke6 33. g5 f5 34. exf5+ gxf5 35. h5 Nc3 36. Rxc3 bxc3 37. Rxc3 Kd5
$2 38. Rc1 (38. Rd3+ $1 Kc4 $8 39. Rd7 Rxc5 40. h6 $18) 38... f4+ $2 (38... Ke6
) 39. Kf3 Kd4 40. Rd1+ Kc4 41. Ke4 $18 Kb4 42. Rc1 (42. Rd7) 42... a4 43. Kxe5
f3 44. Kd5 Rc8 45. c6 f2 46. Kd6 Rd8+ 47. Kc7 Rg8 48. Kb6 Rxg5 49. Rb1+ Ka3 50.
Rf1 Kxa2 51. Rxf2+ Kb3 52. c7 Rg8 53. Kb7 a3 54. c8=Q Rxc8 55. Kxc8 a2 56. Rf1
(56. Rxa2 $2 Kxa2 57. Kd7 Kb3 58. Ke7 Kc4 59. Kf7 Kd5 60. Kg7 Ke6 61. Kxh7 Kf7
$11) 56... Kb2 57. Kd7 a1=Q 58. Rxa1 Kxa1 59. Ke6 Kb2 60. Kf7 Kc3 61. Kg7 Kd4
62. Kxh7 Ke5 63. Kg7 1-0

[Event "Länderkampf"]
[Site "Brombach"]
[Date "2006.09.24"]
[Round "?.9"]
[White "Schulz, Vladimir"]
[Black "Borulya, Ekaterina"]
[Result "0-1"]
[WhiteElo "2183"]
[BlackElo "2285"]
[Annotator "Herbrechtsmeier"]
[PlyCount "90"]
[EventDate "2006.09.24"]
[EventType "team"]
[SourceDate "2001.01.01"]
[WhiteTeam "ELSASS"]
[BlackTeam "BADEN"]
[WhiteTeamCountry "FRA"]
[BlackTeamCountry "GER"]

1. Nf3 c5 2. c4 g6 3. e4 Bg7 4. d4 d6 5. dxc5 (5. Nc3) (5. d5) (5. Be2) 5...
Qa5+ (5... dxc5 {ist auch möglich.}) 6. Nc3 (6. Nfd2 $5) 6... Qxc5 (6... Nf6 7.
Bd2 Qxc5 8. Be2 Bg4 9. O-O O-O 10. Rc1 Nbd7 11. Nd5 Nxd5 12. cxd5 Qb6 {
1-0 Miles,A (2560)-Van Riemsdijk,H (2435)/Riga 1979 (57)}) 7. Be3 (7. Be2 Bxc3+
8. bxc3 Nf6 9. Be3 Qa5 10. Nd2 O-O 11. O-O Nc6 12. Qc2 Ng4 13. Bf4 f5 14. Nb3
Qa4 15. exf5 Bxf5 16. Qd2 Rad8 17. h3 Nge5 {
0-1 Ivanov,M (2510)-Kekelidze,M (2446)/Germany 2000 (33)}) 7... Qa5 8. Nd4 Nf6
9. f3 Nc6 {Mit Zugumstellung ist ein "normaler" Maroczy entstanden.} 10. Be2 (
10. Qd2 O-O 11. Be2 Bd7 12. O-O Rfc8 13. Rac1 Ne5 14. b3 a6 15. Rfd1 Be8 16.
Bf1 h5 17. Bg5 Nc6 18. Nxc6 bxc6 19. Kh1 {
1-0 Smejkal,J (2560)-Barczay,L (2470)/Trencianske Teplice 1979 (47)}) 10... O-O
11. O-O a6 (11... Bd7) 12. a3 Ne5 13. b4 Qc7 14. Qb3 (14. Nd5 Nxd5 $6 (14...
Qd8 15. Rc1 Bd7) 15. cxd5 Nc4 $2 16. Bxc4 Qxc4 17. Rc1 Qa2 18. Rc3) 14... Bd7
15. Nd5 Nxd5 16. cxd5 Rac8 17. Rac1 Qb8 18. b5 axb5 19. Nxb5 Rxc1 20. Rxc1 Rc8
21. Rc2 f5 22. Na7 $6 (22. exf5 Bxf5 23. Rxc8+ Qxc8 24. Nd4) 22... Rxc2 23.
Qxc2 fxe4 24. fxe4 Bh6 25. Qb3 $2 (25. Bd4 Qf8) 25... Bxe3+ 26. Qxe3 Qc7 $17
27. h3 Qa5 28. Bf1 b6 29. Nc6 Nxc6 30. dxc6 Bxc6 31. Bc4+ Kg7 32. Qd4+ Qe5 (
32... Kh6) 33. Qxe5+ dxe5 34. Bd3 Kf6 35. Kf2 Ke6 36. Ke3 Kd6 37. Kd2 $2 (37.
h4) 37... Kc5 38. Kc3 $2 (38. Ke3 g5 39. g3 Bb5 40. Bc2 Bd7 41. h4 gxh4 42.
gxh4 Kc4 $19) 38... Bb5 $19 39. Bxb5 Kxb5 40. Kb3 Ka5 41. g4 g5 42. a4 b5 43.
axb5 Kxb5 44. Kc3 Kc5 45. Kd3 Kb4 0-1

[Event "Länderkampf"]
[Site "Brombach"]
[Date "2006.09.24"]
[Round "?.10"]
[White "Wiechert, Hans"]
[Black "Becht, Lucas"]
[Result "1-0"]
[WhiteElo "2290"]
[BlackElo "2183"]
[Annotator "Herbrechtsmeier"]
[PlyCount "117"]
[EventDate "2006.09.24"]
[EventType "team"]
[SourceDate "2001.01.01"]
[WhiteTeam "BADEN"]
[BlackTeam "ELSASS"]
[WhiteTeamCountry "GER"]
[BlackTeamCountry "FRA"]

1. d4 e6 2. c4 c5 3. d5 exd5 4. cxd5 d6 5. Nc3 g6 6. e4 Bg7 7. Bd3 Ne7 8. Nge2
O-O 9. O-O Nd7 10. h3 a6 11. a4 Qc7 12. Re1 Rb8 13. a5 b5 14. axb6 Rxb6 15. Ra2
Ne5 16. Bc2 Kh8 17. f4 Nd7 18. Na4 Rb8 19. e5 Nb6 20. Nxb6 Rxb6 21. Bd2 Nxd5
22. Ba5 Nb4 23. Bxb6 Qxb6 24. Ra3 dxe5 25. Nc3 exf4 26. Be4 f5 27. Bf3 c4+ 28.
Kh2 Qf2 (28... Nd3 29. Re2 Nxb2 30. Qb1 Bxc3 31. Rxc3 Na4 32. Qc2) 29. Re2 Qg3+
30. Kh1 Nd3 31. Qd2 Rd8 (31... g5 $1 $19) 32. Nd5 Bb7 33. Qa5 Rf8 (33... Rc8)
34. Qb6 Bxd5 35. Bxd5 f3 36. Bxf3 Be5 37. Kg1 Rb8 (37... Qf4 38. Rxe5 $8 Qxe5
$19) 38. Qe3 Rd8 $2 (38... c3 39. Rxc3 Qh2+ 40. Kf1 Bxc3 41. Qxd3 Be5) (38...
Qh2+ 39. Kf1 Qh1+ 40. Qg1 Qxg1+ 41. Kxg1 Bd4+ 42. Kh2 Rb6) 39. Rxd3 cxd3 40.
Qxe5+ Qxe5 41. Rxe5 Rb8 42. Ra5 Rxb2 43. Rxa6 d2 44. Rd6 Kg7 45. Kf1 h5 46. Ke2
Kh6 {(=)} 47. Kd1 Kg7 48. Be2 h4 49. Bd3 Ra2 50. Be2 Rb2 51. Ra6 g5 52. Bd3 Rb3
53. Bxf5 (53. Kxd2 Rb2+ 54. Bc2 Rb5 55. Ke3) 53... Rg3 54. Be4 Kf7 55. Bd5+ Kg7
56. Be4 Kf7 57. Bd5+ Kg7 58. Ra4 Kf6 59. Bf3 1-0

[Event "Länderkampf"]
[Site "Brombach"]
[Date "2006.09.24"]
[Round "?.11"]
[White "Hoffmann, Regis"]
[Black "Bossert, Christian"]
[Result "1/2-1/2"]
[WhiteElo "2146"]
[BlackElo "2188"]
[Annotator "Herbrechtsmeier"]
[PlyCount "41"]
[EventDate "2006.09.24"]
[EventType "team"]
[SourceDate "2001.01.01"]
[WhiteTeam "ELSASS"]
[BlackTeam "BADEN"]
[WhiteTeamCountry "FRA"]
[BlackTeamCountry "GER"]

1. d4 f5 2. Nf3 Nf6 3. Bg5 e6 4. Nbd2 d5 5. h4 $146 (5. e3) (5. c4) 5... c5 6.
e3 Nc6 7. c3 Bd6 8. Bb5 O-O 9. O-O Qc7 10. dxc5 Bxc5 11. c4 a6 12. Bxc6 bxc6
13. Bf4 Bd6 14. Bxd6 Qxd6 15. Rc1 Ne4 16. cxd5 cxd5 17. Qc2 Bd7 18. Qc7 Rfc8
19. Qxd6 Nxd6 20. Ne5 Bb5 21. Rfe1 {Eine recht ausgeglichene Partie.} 1/2-1/2

[Event "Länderkampf"]
[Site "Brombach"]
[Date "2006.09.24"]
[Round "?.12"]
[White "Wenner, Tobias"]
[Black "Chaury, Fabien"]
[Result "1/2-1/2"]
[WhiteElo "2205"]
[BlackElo "2137"]
[Annotator "Herbrechtsmeier"]
[PlyCount "117"]
[EventDate "2006.09.24"]
[EventType "team"]
[SourceDate "2001.01.01"]
[WhiteTeam "BADEN"]
[BlackTeam "ELSASS"]
[WhiteTeamCountry "GER"]
[BlackTeamCountry "FRA"]

1. Nf3 d5 2. c4 c6 3. g3 Nf6 4. b3 Bf5 5. Bb2 e6 6. Bg2 Nbd7 7. O-O Be7 8. d3
O-O 9. Nbd2 Re8 10. Qc2 Qc7 11. a3 a5 12. e4 dxe4 13. dxe4 Bg4 14. Bc3 e5 15.
b4 axb4 16. axb4 Rxa1 17. Rxa1 c5 18. b5 Bd6 19. Qb2 h6 20. Nh4 g6 21. f3 Be6
22. Bf1 Nh5 23. Ng2 Be7 24. Be2 Bg5 25. Nf1 Bh3 26. Nfe3 Bxg2 $6 27. Nd5 $1 $16
Qd6 28. Kxg2 Nhf6 29. Rd1 (29. Ra7 Nxd5 30. cxd5 b6 31. Qa3) 29... Nxd5 30.
Rxd5 Qe7 31. b6 (31. Qa1) 31... Rc8 $2 32. Bxe5 Nxe5 33. Rxe5 Qf8 34. Rd5 Be3
35. Rd7 Bd4 36. Qd2 Ra8 37. Rxb7 Ra1 38. Ra7 (38. Qf4 Rg1+ 39. Kh3 Qc8+ 40. g4
Qxb7 41. Qc7 $18) 38... Rb1 $2 (38... Rg1+ 39. Kh3 Rb1) 39. b7 Kg7 40. Qf4 Qe8
41. b8=Q $2 (41. Qc7 $18 Rg1+ 42. Kh3 Qe6+ 43. g4 Be5 44. b8=Q $1) 41... Rxb8
42. Rxf7+ Qxf7 43. Qxb8 g5 44. f4 (44. Qd6 Qb7) 44... gxf4 45. Qxf4 Qf6 46. Bg4
Be5 47. Qxf6+ {Das entstehende Endspiel ist nicht zu gewinnen.} (47. Qd2) 47...
Kxf6 48. h4 Bc7 49. Kf3 Ke5 50. Bh5 Kf6 51. Be8 Be5 52. Bc6 Bc7 53. Bd5 Bd6 54.
g4 Be5 55. g5+ hxg5 56. h5 Bd6 57. Bc6 Ke5 58. h6 Kf6 59. Be8 1/2-1/2

[Event "Länderkampf"]
[Site "Brombach"]
[Date "2006.09.24"]
[Round "?.13"]
[White "Rocher, Olivier"]
[Black "Merkel, Markus"]
[Result "0-1"]
[WhiteElo "2136"]
[BlackElo "2207"]
[Annotator "Herbrechtsmeier"]
[PlyCount "71"]
[EventDate "2006.09.24"]
[EventType "team"]
[SourceDate "2001.01.01"]
[WhiteTeam "ELSASS"]
[BlackTeam "BADEN"]
[WhiteTeamCountry "FRA"]
[BlackTeamCountry "GER"]

1. Nf3 Nf6 2. d4 d5 3. c4 c6 4. Nc3 dxc4 5. a4 Bf5 6. e3 e6 7. Bxc4 Bb4 8. O-O
Nbd7 9. Qb3 a5 10. Nh4 Bg4 11. f3 Bh5 12. g4 Bg6 13. g5 (13. Ng2 Nb6 14. Be2
O-O 15. e4 c5 16. Na2 c4 17. Qe3 Be7 18. Nc3 Bb4 19. Qf2 Rc8 20. h4 h6 21. Be3
Nfd7 22. g5 {1-0 Frey,K (2612)-Atakisi,F (2523)/ICCF Email 2002 (51)}) 13...
Nd5 14. e4 N5b6 15. Be2 (15. Be3 Qe7 16. Kh1 O-O (16... e5 $6 17. Nf5 Bxf5 18.
exf5 {/\ Ne4}) (16... Bh5 17. Ng2 {/\} h6 18. gxh6) 17. Nxg6 hxg6 18. Be2 c5 (
18... e5 19. dxe5 Qxe5 20. f4 Qe7 21. e5 $14) 19. d5 c4 $5 (19... exd5 20. Nxd5
Nxd5 21. Qxd5 $14) (19... Bxc3 20. dxe6 (20. d6 $5 Qxd6 21. bxc3 $44 {
Kortchnoi,V}) 20... Bd4 21. exd7 Nxd7) 20. Bxc4 Nc5 21. Qa2 (21. Bxc5 Qxc5 22.
Bb5 Bxc3 23. Qxc3 Qxc3 24. bxc3 exd5 $11) 21... Bxc3 22. bxc3 Rac8 23. d6 $5 (
23. dxe6 Nxc4 24. Qxc4 Nxe6 25. Qb3 Nxg5) 23... Qxd6 24. Bb5 {
1/2-1/2 Kortschnoj,V (2625)-Akopian,V (2600)/Groningen 1993/[Akopian,V] (43)})
15... Bh5 (15... e5 16. dxe5 Nxe5 17. Be3 Nbd7 18. f4 Bc5 19. Bf2 Bxf2+ 20.
Rxf2 Nc5 21. Qc2 Ned7 22. Rg2 f6 23. Nxg6 hxg6 24. gxf6 {
1/2-1/2 Murshed,N (2415)-Tischbierek,R (2425)/Polanica Zdroj 42/(477) 1986}) (
15... O-O) 16. Ng2 Qe7 17. Kh1 h6 18. gxh6 g5 19. f4 $5 Bxc3 20. Bxh5 Rxh6 21.
fxg5 Rxh5 22. bxc3 O-O-O 23. Bf4 e5 $6 (23... Rdh8) 24. dxe5 Qe6 {Damentausch?}
25. Qxe6 {Gern!} fxe6 26. h4 $16 Nc5 (26... Nc4 27. Kh2 Ndxe5 28. Bxe5 Nxe5 29.
Rad1) 27. Be3 Nbxa4 $2 28. Bxc5 Nxc5 29. Rxa5 {Die Stellung ist für Weiß klar
gewonnen, aber mit nur knapp einer Minute Bedenkzeit ?} Kc7 $2 {
Mit 20 Minuten auf der Uhr erlaubt sich Schwarz noch ein Scherzchen...} 30. Rf6
$2 {Huch?} (30. Rxc5) 30... Nxe4 31. Rxe6 Nxg5 32. Re7+ Kb6 33. Ra4 Nf3 34. Nf4
$2 (34. Ne3) 34... Rd2 35. Rb4+ Ka5 36. Ng2 (36. Ng2 Rf2 $1 37. Rb1 Rxh4+ 38.
Nxh4 Rh2#) 0-1

[Event "Länderkampf"]
[Site "Brombach"]
[Date "2006.09.24"]
[Round "?.14"]
[White "Sentef, Nikolaus"]
[Black "Duchateau, Thomas"]
[Result "1-0"]
[WhiteElo "2182"]
[BlackElo "2129"]
[Annotator "Herbrechtsmeier"]
[PlyCount "85"]
[EventDate "2006.09.24"]
[EventType "team"]
[SourceDate "2001.01.01"]
[WhiteTeam "BADEN"]
[BlackTeam "ELSASS"]
[WhiteTeamCountry "GER"]
[BlackTeamCountry "FRA"]

1. d4 Nf6 2. Nf3 c5 3. e3 g6 4. c3 b6 5. Be2 Bg7 6. b3 O-O 7. O-O Bb7 8. Nbd2
d6 9. Bb2 Nbd7 10. c4 Qc7 11. d5 b5 12. e4 b4 13. Qc2 a5 14. a4 Nh5 15. Nh4 Nf4
16. Bd1 Bxb2 17. Qxb2 f6 $2 18. g3 Nh3+ 19. Kg2 Ng5 20. f4 Nf7 21. Bg4 $14 Rae8
22. Qc2 Kg7 23. Be6 (23. Rae1) 23... Nd8 24. g4 Nxe6 25. dxe6 Nb8 26. f5 g5 27.
Nhf3 h5 28. Qb2 $2 (28. h3) 28... hxg4 29. Nxg5 Rh8 30. Nf7 $2 Rh4 $2 (30... d5
$1 {gewinnt.}) 31. Kg3 Rh3+ 32. Kxg4 Rxh2 33. Rh1 (33. Rg1) 33... d5 34. e5
Rg2+ (34... Rxh1 35. Rxh1 Rg8) 35. Kf4 Rg8 $2 (35... dxc4 36. Rag1 (36. Ne4
Bxe4 37. Rag1 Rg8) 36... Rg8) 36. Rag1 Kf8 37. Rxg2 Rxg2 38. Qc1 (38. Rh8+ Kg7
39. Qb1) 38... Nd7 (38... fxe5+ 39. Nxe5 Rg8 40. Rh7 d4 41. f6) (38... Rg8 39.
Rg1 fxe5+ 40. Nxe5 Rh8 41. Rh1 Rg8 42. Rh7 Nc6 43. Ndf3 dxc4 44. Qh1) 39. Rh8+
Kg7 40. exd7 fxe5+ (40... Kxf7 41. d8=N+ $1 Qxd8 42. e6+ Kg7 43. Rxd8) 41. Nxe5
Rf2+ 42. Ndf3 dxc4 43. Qg1+ 1-0

[Event "Länderkampf"]
[Site "Brombach"]
[Date "2006.09.24"]
[Round "?.15"]
[White "Naidji, Tayeb"]
[Black "Raka, Ramadan"]
[Result "0-1"]
[WhiteElo "2115"]
[BlackElo "2111"]
[Annotator "Herbrechtsmeier"]
[PlyCount "92"]
[EventDate "2006.09.24"]
[EventType "team"]
[SourceDate "2001.01.01"]
[WhiteTeam "ELSASS"]
[BlackTeam "BADEN"]
[WhiteTeamCountry "FRA"]
[BlackTeamCountry "GER"]

1. d4 d5 2. c4 c6 3. Nf3 e6 4. cxd5 exd5 5. Nc3 Nf6 6. Bg5 Be7 7. e3 Bf5 8. Bd3
Bxd3 9. Qxd3 O-O 10. O-O Nbd7 11. Ne5 Nxe5 12. dxe5 Nd7 13. Bxe7 Qxe7 14. f4
Rad8 15. Rae1 f6 16. exf6 Nxf6 17. Qd4 b6 18. e4 c5 19. Qa4 d4 20. e5 dxc3 21.
exf6 Qxf6 22. Qc4+ Qf7 23. Qxf7+ Kxf7 24. bxc3 Rd3 25. Re4 Re8 26. Ra4 Re7 27.
f5 Rxc3 28. f6 gxf6 29. Rh4 Ke8 30. a4 Rf7 31. Rd1 f5 32. Rf1 Ra3 33. h3 Ke7
34. Rhf4 Ke6 35. Kh2 Ra2 36. Kg1 Rg7 37. Re1+ Kd6 38. g4 fxg4 39. h4 g3 40. h5
Rh2 41. Rf6+ Kd5 42. Rf5+ Kc6 43. a5 Rh4 44. axb6 axb6 45. Re6+ Kb5 46. h6 Rg6
0-1

[Event "Länderkampf"]
[Site "Brombach"]
[Date "2006.09.24"]
[Round "?.16"]
[White "Prill, Daniel"]
[Black "Briet, Antoine"]
[Result "1-0"]
[WhiteElo "2059"]
[BlackElo "2105"]
[Annotator "Herbrechtsmeier"]
[PlyCount "65"]
[EventDate "2006.09.24"]
[EventType "team"]
[SourceDate "2001.01.01"]
[WhiteTeam "BADEN"]
[BlackTeam "ELSASS"]
[WhiteTeamCountry "GER"]
[BlackTeamCountry "FRA"]

1. e4 c5 2. Nf3 e6 3. d4 cxd4 4. Nxd4 a6 5. c4 Nf6 6. Nc3 Bb4 7. Qc2 Qc7 8. Bd2
Nc6 9. Nf3 Bc5 10. Be2 Ng4 11. Nd1 Qb6 12. O-O Qc7 13. g3 h5 14. Bf4 e5 15. Bd2
d6 16. Nc3 Nb4 17. Qd1 Qd8 18. a3 Nc6 19. Nd5 h4 20. gxh4 Nd4 21. Bg5 f6 22.
Nxd4 Bxd4 23. Bxg4 fxg5 24. Bh5+ g6 25. Bxg6+ Kf8 26. Qf3+ Kg7 27. Qf7+ Kh6 28.
Bf5 Bxf5 29. exf5 Rg8 30. Qe6+ Kg7 31. f6+ Kh6 32. Ne7 gxh4+ 33. Kh1 1-0